Statystyki dla Wymień wszystkie rywalki Marty Linkiewicz

Kliknij tutaj aby rozwiązać quiz!

Ogólne statystyki

  • Ten quiz został rozwiązany 11 razy
  • Średni wynik to 4 z 7

Statystyki odpowiedzi

Wygrana/PrzegranaRywalka% Poprawnych
PrzegranaLil Masti
91%
PrzegranaLil Masti
91%
WygranaEsmeralda
55%
WygranaMartirenti
55%
WygranaZusje
55%
WygranaWay of Blonde
45%
WygranaKamiszka
36%

Rozkład punktacji

Percentyl według liczby udzielonych odpowiedzi

Procent ludzi z każdym wynikiem

Twoja historia wyników

Nie rozwiązałeś tego quizu